Deutschland

Guardado en:
Detalles Bibliográficos
Formato: Libro
Lenguaje:alemán
Publicado: Paris OECD 2010
Colección:OECD-Wirtschaftsberichte
Materias:
Etiquetas: Agregar Etiqueta
Sin Etiquetas, Sea el primero en etiquetar este registro!

MARC

LEADER 00000nam a2200000 4500
001 0126232
005 20240315120524.6
020 |a 978-92-64-08453-7 
022 |a 1995-3216 
041 0 |a ger 
044 |a FR 
245 1 0 |a Deutschland 
264 1 |a Paris  |b OECD  |c 2010 
300 |a 160 s. 
490 1 |a OECD-Wirtschaftsberichte 
830 0 |a OECD-Wirtschaftsberichte 
610 2 0 |a kríza 
610 2 0 |a zmeny štruktúrne 
610 2 0 |a nezamestnanosť 
610 2 0 |a financie verejné 
610 2 0 |a banky 
610 2 0 |a reformy štruktúrne 
610 2 0 |a rast hospodársky 
610 2 0 |a globalizácia 
610 2 0 |a regióny 
610 2 0 |a Nemecko